| 000 | 00632nam a2200205Ia 4500 | ||
|---|---|---|---|
| 003 | 0100 | ||
| 008 | 130303s9999 xx 000 0 und d | ||
| 040 | _cARRUPELIB | ||
| 050 | _aS494.5.W3M31 2002 | ||
| 100 | _aManzungu, Emmanuel ed. | ||
| 245 | 4 | _aThe processes and dynamics of catchment management in Zimbabwe | |
| 245 | _bproceedings of a workshop held at the crowne plaza Monomotapa hotel, Harare, Zimbabwe, 24 june 2002 | ||
| 260 | _aHarare | ||
| 260 | _bSave Africa Trust Publications | ||
| 260 | _C2002 | ||
| 300 | _axi | ||
| 300 | _b 188p. 21cm. | ||
| 650 | _bSociology, Christian (catholic) | ||
| 942 |
_2lcc _01 |
||
| 999 |
_c59761 _d59761 |
||